| 000 | 00633nam a2200205 4500 | ||
|---|---|---|---|
| 003 | DO-SdBNP | ||
| 005 | 20171128122420.0 | ||
| 008 | 171128b2000 xxu ||| |||| 00| 0 spa d | ||
| 020 | _a0536598126 | ||
| 040 |
_aDO-SdBNP _bspa _cDO-SdBNP |
||
| 082 | 4 |
_axx _bxx |
|
| 100 | _aLankevich, George L. | ||
| 245 |
_aThe modern World e history / _cGeorge L. Lankevich, Andrea Finkelstein |
||
| 260 |
_aEstados Unidos : _bPearson Custom Publishing, _c2000 |
||
| 300 |
_a435 p. ; _c26 cm. |
||
| 700 | _aFinkelstein, Andrea | ||
| 942 |
_2ddc _cBK |
||
| 945 | _aInventariado extranjero / 2017 VM | ||
| 956 |
_aVMATEO _b10 _c20171128 _dBPMSU _f0069 |
||
| 999 |
_c13167 _d13167 |
||